<?xml version="1.0" encoding="UTF-8"?>
<record
    xmlns:xsi="http://www.w3.org/2001/XMLSchema-instance"
    xsi:schemaLocation="http://www.loc.gov/MARC21/slim http://www.loc.gov/standards/marcxml/schema/MARC21slim.xsd"
    xmlns="http://www.loc.gov/MARC21/slim">

  <leader>01386naa a22002291i 4500</leader>
  <controlfield tag="001">4628</controlfield>
  <controlfield tag="003">KOSZ 005</controlfield>
  <controlfield tag="005">20190604154926.0</controlfield>
  <controlfield tag="008">140617s2011    pl     f     |100 0 pol d</controlfield>
  <datafield tag="040" ind1=" " ind2=" ">
    <subfield code="c">KOSZ 005</subfield>
    <subfield code="a">KOSZ 005</subfield>
    <subfield code="d">KOSZ 005/ac</subfield>
  </datafield>
  <datafield tag="084" ind1=" " ind2=" ">
    <subfield code="a">621.9</subfield>
  </datafield>
  <datafield tag="100" ind1="1" ind2=" ">
    <subfield code="a">ZAWADA-TOMKIEWICZ, Anna.</subfield>
    <subfield code="d">1996 - .</subfield>
    <subfield code="b">Politechnika Koszali&#x144;ska - Wydzia&#x142; Mechaniczny,</subfield>
    <subfield code="c">Katedra In&#x17C;ynierii Produkcji - Zak&#x142;ad Monitorowania Proces&#xF3;w Technologicznych</subfield>
  </datafield>
  <datafield tag="245" ind1="1" ind2="0">
    <subfield code="a">Zu&#x17C;ycie ostrza z uwzgl&#x119;dnieniem warunk&#xF3;w cieplnych /</subfield>
    <subfield code="c">Anna Zawada-Tomkiewicz, Borys Storch.</subfield>
  </datafield>
  <datafield tag="500" ind1=" " ind2=" ">
    <subfield code="a">Dane z autopsji.</subfield>
  </datafield>
  <datafield tag="520" ind1=" " ind2=" ">
    <subfield code="a">W pracy opisano zu&#x17C;ycie narz&#x119;dzi z uwzgl&#x119;dnieniem warunk&#xF3;w cieplnych, metodyk&#x119; bada&#x144; oraz wnioski wynikaj&#x105;ce z bada&#x144;. Przyczyn&#x105; zu&#x17C;ycia na powierzchniach ostrza jest tarcie nasady wi&#xF3;ra o powierzchni&#x119; natarcia oraz tarcie powierzchni skrawania i obrobionej o powierzchni&#x119; przy&#x142;o&#x17C;enia.</subfield>
  </datafield>
  <datafield tag="650" ind1=" " ind2="0">
    <subfield code="a">Ostrza skrawaj&#x105;ce.</subfield>
  </datafield>
  <datafield tag="655" ind1=" " ind2="0">
    <subfield code="a">Materia&#x142;y konferencyjne.</subfield>
  </datafield>
  <datafield tag="650" ind1=" " ind2="0">
    <subfield code="a">Skrawanie</subfield>
  </datafield>
  <datafield tag="700" ind1="1" ind2=" ">
    <subfield code="a">STORCH, Borys.</subfield>
    <subfield code="d">1996 - .</subfield>
    <subfield code="b">Politechnika Koszali&#x144;ska - Wydzia&#x142; Mechaniczny,</subfield>
    <subfield code="c">Katedra In&#x17C;ynierii Produkcji - Zak&#x142;ad Monitorowania Proces&#xF3;w Technologicznych</subfield>
  </datafield>
  <datafield tag="773" ind1="0" ind2=" ">
    <subfield code="i">W :</subfield>
    <subfield code="t">Obr&#xF3;bka skrawaniem : Nauka a przemys&#x142; / pod red. Wita Grzesika. -</subfield>
    <subfield code="d">Wroc&#x142;aw : Wydaw. Sutoris, 2011. -</subfield>
    <subfield code="g">s. 140-151</subfield>
    <subfield code="k">Szko&#x142;a Obr&#xF3;bki Skrawaniem ; 5</subfield>
  </datafield>
  <datafield tag="942" ind1=" " ind2=" ">
    <subfield code="c">ROZ</subfield>
    <subfield code="2">UKD</subfield>
  </datafield>
  <datafield tag="999" ind1=" " ind2=" ">
    <subfield code="c">4628</subfield>
    <subfield code="d">4628</subfield>
  </datafield>
  <datafield tag="952" ind1=" " ind2=" ">
    <subfield code="0">0</subfield>
    <subfield code="1">0</subfield>
    <subfield code="4">0</subfield>
    <subfield code="7">0</subfield>
    <subfield code="a">BPK</subfield>
    <subfield code="b">BPK</subfield>
    <subfield code="o">101164</subfield>
    <subfield code="y">ROZ</subfield>
  </datafield>
</record>
